| 000 | 02413njm a2200433Ia 4500 | ||
|---|---|---|---|
| 001 | 20579 | ||
| 003 | IT-RoPAU | ||
| 005 | 20220918181119.0 | ||
| 008 | 131025s9999 xx 000 0 und d | ||
| 040 | _aIT-RoPAU | ||
| 040 | _cIT-RoPAU | ||
| 041 | _aINGLESE | ||
| 999 |
_c99609 _d99609 |
||
| 999 | _bn.d. | ||
| 100 |
_aAA.VV. _9794 |
||
| 100 |
_eAutore musica _92184 |
||
| 100 |
_gCodice autore musica SPICS: 12000 _9796 |
||
| 245 | _aPowerlight (Lp Cbs 25120) | ||
| 250 | _a1a ed. | ||
| 260 | _aHOLLAND | ||
| 260 |
_bCBS _c1983 [1a Ed.:1983 - Ed. Lingua Orig.: 1983] |
||
| 300 | _aDISCO | ||
| 300 | _c42 minuti (Testo: pag.) | ||
| 500 | _aMusica pop | ||
| 505 | _aFall in Love With me (6:00) - Spread Your Love (4:00) - Side By Side (6:00) - Straight From the Heart (5:00) - The Speed of Love (4:00) - Freedom of Choice (5:00) - Something Special (5:00) - Hearts To Heart (4:00) - Miracles (5:00) | ||
| 511 | _aEarth Wind & Fire | ||
| 650 |
_aPOP [DISCHI] _eCodice MATERIA SPICS: 9950 _91001 |
||
| 700 |
_aEarth Wind & Fire _gCodice interprete SPICS: 7023 _eInterprete _92185 |
||
| 700 |
_aVaughn Wayne _gCodice autore musica SPICS: 23082 _eAutore musica _pFall in Love With Me - Side By Side - The Speed of Love - Something Special _92186 |
||
| 700 |
_aVaughn Wanda _gCodice autore musica SPICS: 23081 _eAutore musica _pFall in Love With Me - Side By Side - Something Special _92187 |
||
| 700 |
_aWhite Maurice _gCodice autore testo/musica SPICS: 23080 _eAutore testo/musica _pFall in Love With me - Spread Your Love - Side By Side - Speed of Love - Freedom of Choice - Something Special - Hearts To Heart - Miracles _92188 |
||
| 700 |
_aLawrence Azar _gCodice autore musica SPICS: 23084 _eAutore musica _pSpread Your Love - Freedom of Choice _92189 |
||
| 700 |
_aTaylor Beloyd _gCodice autore SPICS: 23083 _eCodice autore SPICS: 23083 _pSpread Your Love _92190 |
||
| 700 |
_aSeeman Roxanne _gCodice autore musica SPICS: 23087 _eAutore musica _pStraight From the Heart _92191 |
||
| 700 |
_aDel Barrio Eddie _gCodice autore SPICS: 23086 _eAutore _pStraight From the Heart _92192 |
||
| 700 |
_aBailey Philip _gCodice autore testo/musica SPICS: 23085 _eAutore testo/musica _pStraight From the Heart - Miracles _92193 |
||
| 700 |
_aHaynes Tony _gCodice autore musica SPICS: 23088 _eAutore musica _pThe Speed of Love _92194 |
||
| 700 |
_aD'Astugues Mary _gCodice autore musica SPICS: 23089 _eAutore musica _pMiracles _92195 |
||
| 942 |
_cMD _2ddc |
||